000 00618nam a2200241Ia 4500
003 OSt
005 20221005132704.0
006 a|||||r|||| 00| 0
007 ta
008 221004b |||||||| |||| 00| 0 mal d
024 _a62343
037 _cTextual
040 _aCRL
_cCRL
_bmal
041 _2mal
_amal
082 _aO32,2N,1, J9
100 _aKutty Govindan Au.
_9626109
245 0 _aUnniyarcha
260 _c1959
650 _a MALAYALAM LITERATURE
_938866
650 _aMALAYALAM DRAMA
_9207189
942 _hO32,2N,1, J9
_cTEXL
_2cc
999 _c1064516
_d1064516